[Event "Liape Magistral 06 email"]
[Site "Liape email"]
[Date "2002.08.27"]
[Round "10"]
[White "Bonavena, Pablo"]
[Black "Gonzalez, Erich"]
[Result "1-0"]
[WhiteElo "2061"]
[BlackElo "1600"]
[PlyCount "77"]
[EventDate "2002.08.18"]
[EventType "tourn (corr)"]
[EventRounds "9"]
[EventCountry "ARG"]
[SourceTitle "Corr 2006"]
[Source "ChessBase"]
[SourceDate "2006.04.01"]
[SourceVersion "3"]
[SourceVersionDate "2006.04.01"]
[SourceQuality "1"]

1. e4 c6 2. d4 d5 3. Nc3 dxe4 4. Nxe4 Bf5 5. Ng3 Bg6 6. Nf3 e6 7. h4 Nf6 8. h5 Be4 9. Ng5 Qd5 10. c4 Bb4+ 11. Bd2 Qxg5 12. Bxb4 Qf4 13. Bd2 Qd6 14. Qe2 Bc2 15. Bc3 Ba4 16. b3 0-0 17. bxa4 h6 18. Qb2 b6 19. Be2 Nbd7 20. a5 Rfd8 21. 0-0 Rab8 22. axb6 axb6 23. Rfe1 Ra8 24. Bf3 Ra4 25. Bd1 Raa8 26. a4 Ra6 27. Be2 Raa8 28. d5 exd5 29. Nf5 Qf4 30. Ne7+ Kh8 31. Nxc6 Rg8 32. Ne7 dxc4 33. Nxg8 Kxg8 34. Rad1 Qc7 35. Bf3 Rxa4 36. Re7 Qc8 37. Rdxd7 Nxd7 38. Bd5 Ra5 39. Bxf7+ 1-0

[Event "Liape Magistral 06 email"]
[Site "Liape email"]
[Date "2002.08.24"]
[Round "7"]
[White "Gonzalez, Erich"]
[Black "Van Esbroeck, Jeff"]
[Result "0-1"]
[WhiteElo "1600"]
[BlackElo "1800"]
[PlyCount "64"]
[EventDate "2002.08.18"]
[EventType "tourn (corr)"]
[EventRounds "9"]
[EventCountry "ARG"]
[SourceTitle "Corr 2006"]
[Source "ChessBase"]
[SourceDate "2006.04.01"]
[SourceVersion "3"]
[SourceVersionDate "2006.04.01"]
[SourceQuality "1"]

1. e4 c5 2. Nf3 d6 3. Bc4 Nf6 4. d3 Nc6 5. 0-0 Bg4 6. Nbd2 e6 7. h3 Bh5 8. c3 Be7 9. Qb3 a6 10. g4 Bg6 11. g5 Nh5 12. a4 Nf4 13. Nb1 Na5 14. Qa2 Nxh3+ 15. Kg2 Nxg5 16. Bxg5 Bxg5 17. Rh1 Qf6 18. Nbd2 Bxd2 19. Rh3 Bf4 20. Kh1 d5 21. exd5 Bf5 22. Rh4 g5 23. Rxf4 gxf4 24. dxe6 0-0-0 25. b4 Nxc4 26. Qxc4 Rxd3 27. Qxc5+ Kb8 28. Qe5+ Qxe5 29. Nxe5 Rh3+ 30. Kg2 Rg8+ 31. Kf1 Bxe6 32. Ke2 f3+ 0-1

[Event "Liape Magistral 02-B email"]
[Site "Liape email"]
[Date "2002.08.13"]
[Round "9"]
[White "Hilton, Stephen H"]
[Black "Gonzalez, Erich"]
[Result "1-0"]
[WhiteElo "1945"]
[BlackElo "1600"]
[PlyCount "62"]
[EventDate "2002.08.05"]
[EventType "tourn (corr)"]
[EventRounds "8"]
[EventCountry "ARG"]
[SourceTitle "Corr 2006"]
[Source "ChessBase"]
[SourceDate "2006.04.01"]
[SourceVersion "3"]
[SourceVersionDate "2006.04.01"]
[SourceQuality "1"]

1. d4 Nf6 2. c4 e6 3. Nf3 Be7 4. Nc3 d5 5. Bf4 dxc4 6. e3 Nd5 7. Bxc4 Nxf4 8. exf4 0-0 9. 0-0 Qd6 10. Qc1 Rd8 11. d5 Qc5 12. Ne4 Qb4 13. dxe6 b5 14. exf7+ Kf8 15. Bxb5 Qxe4 16. Qxc7 Qb7 17. Qc4 a6 18. Be8 Qxb2 19. Qe4 Bc5 20. Qxh7 Bxf2+ 21. Kh1 Qf6 22. Qg8+ Ke7 23. Rae1+ Bxe1 24. Rxe1+ Kd6 25. f8Q+ Kc7 26. Rc1+ Nc6 27. Qxf6 gxf6 28. Rxc6+ Kb8 29. Qb3+ Bb7 30. Rb6 Ra7 31. Bc6 Kc8 1-0

[Event "Liape Magistral 02-B email"]
[Site "Liape email"]
[Date "2002.08.05"]
[Round "1"]
[White "Gonzalez, Erich"]
[Black "Learte Pastor, Tomas"]
[Result "0-1"]
[WhiteElo "1600"]
[BlackElo "1875"]
[PlyCount "102"]
[EventDate "2002.08.05"]
[EventType "tourn (corr)"]
[EventRounds "8"]
[EventCountry "ARG"]
[SourceTitle "Corr 2006"]
[Source "ChessBase"]
[SourceDate "2006.04.01"]
[SourceVersion "3"]
[SourceVersionDate "2006.04.01"]
[SourceQuality "1"]

1. e4 c5 2. Nc3 Nc6 3. Bc4 e6 4. d3 Nf6 5. Bf4 Be7 6. e5 Ng8 7. Ne4 f5 8. exf6 Nxf6 9. Nd6+ Bxd6 10. Bxd6 Qb6 11. Nf3 Na5 12. Be5 0-0 13. Nd2 Qc6 14. Qf3 d5 15. Bb3 Nd7 16. Qg3 Nxe5 17. Qxe5 c4 18. dxc4 dxc4 19. Qxa5 cxb3 20. axb3 Qxg2 21. 0-0-0 Bd7 22. f3 Bc6 23. Qe5 Qg6 24. Rhg1 Qf6 25. Rg5 h6 26. Qxf6 Rxf6 27. Re5 Rd8 28. Re3 Rd5 29. Rde1 Rh5 30. R1e2 Rh3 31. Re5 Kf7 32. Ne4 Bxe4 33. fxe4 Rf1+ 34. Kd2 b6 35. Rb5 Rh1 36. Rb4 R1xh2 37. Rd4 Rxe2+ 38. Kxe2 Kf6 39. Rd7 g5 40. Rxa7 Rh2+ 41. Kd3 g4 42. Ra8 Ke5 43. Rg8 Rh3+ 44. Ke2 Kf4 45. Rg6 Rh2+ 46. Kd3 g3 47. b4 h5 48. Rxe6 g2 49. Rg6 Rh3+ 50. Ke2 Rg3 51. Rf6+ Kxe4 0-1